Gender equality in the Caribbean : (Registro nro. 172474)
[ vista simple ]
| 000 -LEADER | |
|---|---|
| fixed length control field | 01338cam a22003614a 4500 |
| 001 - CONTROL NUMBER | |
| control field | 2003708997 |
| 006 - FIXED-LENGTH DATA ELEMENTS--ADDITIONAL MATERIAL CHARACTERISTICS--GENERAL INFORMATION | |
| fixed length control field | m o d |
| 007 - PHYSICAL DESCRIPTION FIXED FIELD--GENERAL INFORMATION | |
| fixed length control field | cr un ---uuuua |
| 008 - FIXED-LENGTH DATA ELEMENTS--GENERAL INFORMATION | |
| fixed length control field | 031223s2003 jm ob i001 0 eng d |
| 010 ## - LIBRARY OF CONGRESS CONTROL NUMBER | |
| LC control number | 2003708997 |
| 020 ## - INTERNATIONAL STANDARD BOOK NUMBER | |
| International Standard Book Number | 9766371660 |
| 035 ## - | |
| -- | 37611 |
| 040 ## - CATALOGING SOURCE | |
| Original cataloging agency | UtOrBLW |
| Language of cataloging | eng |
| Description conventions | rda |
| Transcribing agency | UtOrBLW |
| 042 ## - | |
| -- | pcc |
| 043 ## - | |
| -- | cc----- |
| 050 00 - | |
| -- | HQ1525.4 |
| -- | .G46 2003 |
| 082 04 - | |
| -- | 305.409729 |
| -- | 23 |
| 090 ## - | |
| -- | 14288 |
| -- | 14288 |
| 245 00 - TITLE STATEMENT | |
| Title | Gender equality in the Caribbean : |
| Remainder of title | reality or illusion / |
| Statement of responsibility, etc | edited by Gemma Tang Nain and Barbara Bailey. |
| 300 ## - PHYSICAL DESCRIPTION | |
| Extent | 1 online resource (xxiv, 247 pages) |
| 500 ## - GENERAL NOTE | |
| General note | "A publication of the CARICOM Secretariat in collaboration with the UNIFEM Caribbean Office." |
| 504 ## - BIBLIOGRAPHY, ETC. NOTE | |
| Bibliography, etc | Includes bibliographical references and index. |
| 650 #0 - SUBJECT ADDED ENTRY--TOPICAL TERM | |
| Topical term or geographic name as entry element | Women |
| Geographic subdivision | Caribbean, English-speaking |
| General subdivision | Social conditions. |
| 650 #0 - SUBJECT ADDED ENTRY--TOPICAL TERM | |
| Topical term or geographic name as entry element | Women |
| Geographic subdivision | Caribbean, English-speaking |
| General subdivision | Economic conditions. |
| 650 #0 - SUBJECT ADDED ENTRY--TOPICAL TERM | |
| Topical term or geographic name as entry element | Sex discrimination against women |
| Geographic subdivision | Caribbean, English-speaking. |
| 700 1# - ADDED ENTRY--PERSONAL NAME | |
| Personal name | Nain, Gemma Tang. |
| 700 1# - ADDED ENTRY--PERSONAL NAME | |
| Personal name | Bailey, Barbara |
| Fuller form of name | (Barbara Evelyn) |
| 710 2# - ADDED ENTRY--CORPORATE NAME | |
| Corporate name or jurisdiction name as entry element | Caribbean Community. |
| Subordinate unit | Secretariat. |
| 710 2# - ADDED ENTRY--CORPORATE NAME | |
| Corporate name or jurisdiction name as entry element | United Nations Development Fund for Women. |
| Subordinate unit | Caribbean Office. |
| 856 40 - LOCALIZACIÓN Y ACCESO ELECTRÓNICO | |
| Identificador Uniforme del Recurso (URI/URL) | https://app.vlex.com/#/sources/37611 |
| 942 ## - | |
| -- | RAA |
| 999 ## - | |
| -- | 172474 |
| -- | 172474 |
No hay ítems disponibles.